000 00502nam a2200181Ia 4500
999 _c14862
_d14862
003 OSt
005 20201027130544.0
008 190216s9999||||xx |||||||||||||| ||und||
020 _a9788185986128
040 _coclc
082 _a823
_bNAR/T
100 _aNarayan, R K
_94797
245 0 _aTalkative Man /
_cR K Narayan
260 _bIndian Thought Publications ,
_c2013.
_aChennai:
300 _a123p
650 _aFiction English
942 _cBK
_2ddc
_h823
_iNAR/T
_k823
_mNAR/T